000 00352nam a2200133Ia 4500
008 231129s9999||||xx |||||||||||||| ||spa||
020 _a958-04-209-X
040 _bspa
082 _aCo863 M992u
100 _aMutis alvaro
245 0 _aLa Ășltima escala del tramp steamer
264 _aNorma
942 _2ddc
_cBKS
999 _c18374
_d18374